[Event "ODEM U25B 2013"]
[Site "Oberhof GER"]
[Date "2013.05.24"]
[Round "8"]
[White "Rüpke, Yannick"]
[Black "Schluckner, Paul-Leopold"]
[Result "0-1"]
[Termination "normal"]
[Board "26"]
[WhiteElo "1038"]
[BlackElo "1259"]
[PlyCount "76"]
[BlackFideId "12952168"]
[EventCountry "GER"]
[EventRounds "9"]
[EventType "swiss"]
[EventDate "2013.05.18"]

1. d4 d5 2. f4 Bf5 3. e3 Nf6 4. Nf3 e6 5. Nbd2 Be7 6. Ne5 Nbd7 7. Ndf3 h6 8.
Bd3 Be4 9. O-O c6 10. Bd2 Bd6 11. Qe2 Qe7 12. a3 O-O-O 13. h3 Nb6 14. Ba5 Bc7
15. Ba6 Qe8 16. Bd3 Nfd7 17. Ba6 Nxe5 18. Nxe5 bxa6 19. Qxa6+ Kb8 20. c3 f6 21.
Ng4 Rd7 22. b3 Qc8 23. Qe2 Na8 24. Bb4 Bd6 25. Ba5 Nc7 26. c4 Qa6 27. Qd2 Ne8
28. c5 Bc7 29. Bc3 Rd8 30. Nf2 Kc8 31. Rfd1 g5 32. fxg5 hxg5 33. Rf1 f5 34. Qd1
Nf6 35. Nxe4 Nxe4 36. Be1 g4 37. hxg4 Bh2+ 38. Kh1 Qxf1# 0-1

[Event "ODEM U25B 2013"]
[Site "Oberhof GER"]
[Date "2013.05.24"]
[Round "8"]
[White "Kovac, Linda"]
[Black "Schumacher, Aaron"]
[Result "1-0"]
[Termination "normal"]
[Board "27"]
[WhiteElo "1250"]
[BlackElo "1068"]
[PlyCount "81"]
[WhiteFideId "12938815"]
[EventCountry "GER"]
[EventRounds "9"]
[EventType "swiss"]
[EventDate "2013.05.18"]

1. e4 c5 2. f4 Nc6 3. Nf3 f6 4. Bc4 e5 5. fxe5 fxe5 6. O-O Nf6 7. Nc3 d6 8. Ng5
Nd4 9. Nf7 Qb6 10. Nxh8 Bg4 11. Ne2 Qb4 12. c3 Qxc4 13. cxd4 Bxe2 14. Qe1 Bxf1
15. Qxf1 Qxd4+ 16. Kh1 Qxe4 17. Qb5+ Nd7 18. Qf1 Qf4 19. Qxf4 exf4 20. d3 g5
21. g3 Bg7 22. gxf4 gxf4 23. Bxf4 Bxb2 24. Re1+ Kf8 25. Bxd6+ Kg8 26. Re7 Nb6
27. Nf7 Rf8 28. Nh6+ Kh8 29. Nf7+ Kg7 30. Ng5+ Kg6 31. Re6+ Kf5 32. Bxf8 Kxg5
33. Bxc5 Nd5 34. Be7+ Kf5 35. Re2 Kf4 36. Bd6+ Kf3 37. Rxb2 b6 38. d4 h5 39.
Kg1 h4 40. Rb5 Nc3 41. Rb3 1-0

[Event "ODEM U25B 2013"]
[Site "Oberhof GER"]
[Date "2013.05.24"]
[Round "8"]
[White "Zimmer, Claudius"]
[Black "Eggert, Daniela"]
[Result "1-0"]
[Termination "normal"]
[Board "28"]
[WhiteElo "914"]
[BlackElo "1241"]
[PlyCount "59"]
[BlackFideId "12991490"]
[EventCountry "GER"]
[EventRounds "9"]
[EventType "swiss"]
[EventDate "2013.05.18"]

1. e4 e5 2. Nf3 Nc6 3. Bc4 Bc5 4. c3 Nf6 5. d4 exd4 6. cxd4 Bb4+ 7. Bd2 Bxd2+
8. Nbxd2 d5 9. exd5 Nxd5 10. Qb3 Na5 11. Qb5+ c6 12. Qa4 O-O 13. O-O b5 14.
Bxb5 cxb5 15. Qxb5 Rb8 16. Qxb8 Qf6 17. Qxa7 Nf4 18. Ne4 Qg6 19. Ng3 h5 20.
Qxa5 f6 21. Nh4 Qg4 22. Nhf5 Bb7 23. f3 Bxf3 24. gxf3 Nh3+ 25. Kh1 Qf4 26. Qd5+
Kh8 27. Nxg7 Ng5 28. Ne6 Nxe6 29. Qxe6 h4 30. Nf5 1-0

[Event "ODEM U25B 2013"]
[Site "Oberhof GER"]
[Date "2013.05.24"]
[Round "8"]
[White "Zeuner, Ole"]
[Black "Müdder, Melanie"]
[Result "0-1"]
[Termination "normal"]
[Board "29"]
[WhiteElo "1135"]
[BlackElo "712"]
[PlyCount "104"]
[WhiteFideId "12943576"]
[BlackFideId "12994103"]
[EventCountry "GER"]
[EventRounds "9"]
[EventType "swiss"]
[EventDate "2013.05.18"]

1. e4 e5 2. Nf3 Nc6 3. d4 exd4 4. Nxd4 Nxd4 5. Qxd4 Ne7 6. Bc4 Nc6 7. Qd1 Bc5
8. Qd5 Qe7 9. O-O h6 10. Bf4 d6 11. Nc3 O-O 12. a3 Qf6 13. Bg3 Bd4 14. Qh5 Bxc3
15. bxc3 Qxc3 16. Bb3 Na5 17. Rfb1 Nxb3 18. cxb3 Re8 19. f3 Be6 20. Qb5 Rab8
21. Kh1 a6 22. Qb4 Qxb4 23. axb4 Re7 24. f4 d5 25. f5 Bd7 26. Bxc7 Rbe8 27.
exd5 Bxf5 28. d6 Rd7 29. Re1 Rxe1+ 30. Rxe1 Kf8 31. Kg1 b6 32. Bxb6 g5 33. Kf2
Kg7 34. Bc7 h5 35. Re7 Rxe7 36. dxe7 Bd7 37. Bd8 f5 38. Kf3 g4+ 39. Kf4 Kg6 40.
Kg3 Be8 41. h3 Kg5 42. hxg4 hxg4 43. Kf2 f4 44. g3 f3 45. Ke3 Kf5 46. Kf2 Ke4
47. Kf1 Ke3 48. Ke1 f2+ 49. Kf1 Bb5+ 50. Kg2 f1=Q+ 51. Kh2 Kf3 52. Bb6 Qg2# 0-1

[Event "ODEM U25B 2013"]
[Site "Oberhof GER"]
[Date "2013.05.24"]
[Round "8"]
[White "Hacklinger, Leon"]
[Black "Klinkhammer, Christopher"]
[Result "0-1"]
[Termination "normal"]
[Board "30"]
[WhiteElo "1008"]
[BlackElo "1279"]
[PlyCount "86"]
[WhiteFideId "16205111"]
[BlackFideId "12925020"]
[EventCountry "GER"]
[EventRounds "9"]
[EventType "swiss"]
[EventDate "2013.05.18"]

1. e4 e5 2. f4 exf4 3. Nf3 g5 4. Bc4 Nc6 5. O-O d6 6. Nc3 Be6 7. Bxe6 fxe6 8.
d4 Bg7 9. d5 exd5 10. exd5 Ne5 11. Re1 Qe7 12. Nd4 O-O-O 13. Ne6 Re8 14. Qe2 a6
15. a4 Nd7 16. Nxg7 Qxe2 17. Rxe2 Rxe2 18. Nxe2 Ngf6 19. b3 Nxd5 20. Nf5 Rf8
21. Nfd4 c5 22. Nf3 g4 23. Nh4 f3 24. gxf3 gxf3 25. Ng3 f2+ 26. Kf1 Ne5 27.
Ngf5 Ng6 28. Nxd6+ Kc7 29. Nxg6 hxg6 30. Ne4 Nf6 31. Nxf2 Ng4 32. h3 Nxf2 33.
Kg2 Ne4 34. Bh6 Rf2+ 35. Kg1 Rxc2 36. Bf4+ Kc6 37. Re1 Nc3 38. Re6+ Kd7 39.
Rxg6 Ne2+ 40. Kh1 Nxf4 41. Rg5 Nxh3 42. Rh5 Nf4 43. Rh7+ Kc6 0-1

[Event "ODEM U25B 2013"]
[Site "Oberhof GER"]
[Date "2013.05.24"]
[Round "8"]
[White "Chung, Nicholas"]
[Black "Riehle, Fabio"]
[Result "0-1"]
[Termination "normal"]
[Board "31"]
[WhiteElo "946"]
[BlackElo "1167"]
[PlyCount "86"]
[BlackFideId "36052140"]
[EventCountry "GER"]
[EventRounds "9"]
[EventType "swiss"]
[EventDate "2013.05.18"]

1. e4 e5 2. Nf3 Nc6 3. Bc4 Bc5 4. b4 Bb6 5. O-O d6 6. d3 Bg4 7. c3 Nf6 8. h3
Bh5 9. Be3 Bxe3 10. fxe3 d5 11. exd5 Nxd5 12. e4 Ne3 13. Qe2 Nxf1 14. Qxf1 O-O
15. Nbd2 a5 16. b5 Ne7 17. d4 exd4 18. cxd4 b6 19. Qe2 c5 20. bxc6 Nxc6 21. Bd5
Nxd4 22. Qf1 Nxf3+ 23. Nxf3 Rc8 24. Rb1 Bxf3 25. Qxf3 a4 26. Qe3 Rb8 27. a3 Re8
28. Bc6 Re7 29. Bxa4 b5 30. Qf4 Qd4+ 31. Kh2 Qe5 32. Qxe5 Rxe5 33. Bc2 Rc8 34.
Rd1 g6 35. Bb1 Rc3 36. Rd8+ Kg7 37. Ra8 b4 38. axb4 Rb3 39. Bc2 Rxb4 40. g4 Rb2
41. Rc8 Rxe4 42. Kg3 Re2 43. Bd3 Re3+ 0-1

[Event "ODEM U25B 2013"]
[Site "Oberhof GER"]
[Date "2013.05.24"]
[Round "8"]
[White "Schulze, Lukas"]
[Black "Weiten, Anna"]
[Result "0-1"]
[Termination "normal"]
[Board "32"]
[WhiteElo "858"]
[BlackElo "1143"]
[PlyCount "78"]
[WhiteFideId "12956856"]
[BlackFideId "12938203"]
[EventCountry "GER"]
[EventRounds "9"]
[EventType "swiss"]
[EventDate "2013.05.18"]

1. e4 e5 2. Nf3 Nc6 3. Bc4 Nf6 4. d4 exd4 5. O-O Nxe4 6. Re1 d5 7. Bxd5 Qxd5 8.
Nc3 Qa5 9. Nxe4 Be6 10. Bd2 Qd5 11. Bg5 Bd6 12. Bf6 O-O 13. Nfg5 h6 14. Nf3 Be5
15. Nfd2 Bxf6 16. Qf3 Qe5 17. Nxf6+ Qxf6 18. Qg3 Rac8 19. Re4 Ne7 20. Rh4 Nf5
21. Ne4 Qxh4 22. Qf3 Bd5 23. g3 Qxe4 24. Qxe4 Bxe4 25. Re1 Bxc2 26. Re5 Rfe8
27. Rc5 Be4 28. f3 Bxf3 29. Rxf5 Be4 30. Rf1 d3 31. Rd1 Rcd8 32. Kf2 d2 33. Ke3
Bc2+ 34. Kf2 Bxd1 35. Kf1 Ba4 36. Kg2 d1=Q 37. Kh3 Qh5+ 38. Kg2 Re2+ 39. Kf1
Rd1# 0-1

[Event "ODEM U25B 2013"]
[Site "Oberhof GER"]
[Date "2013.05.24"]
[Round "8"]
[White "Matuschak, Henry"]
[Black "Arnold, Alexandria"]
[Result "0-1"]
[Termination "normal"]
[Board "33"]
[WhiteElo "1082"]
[BlackElo "999"]
[PlyCount "122"]
[BlackFideId "16205383"]
[EventCountry "GER"]
[EventRounds "9"]
[EventType "swiss"]
[EventDate "2013.05.18"]

1. e4 e5 2. Nf3 Nc6 3. Nc3 Nf6 4. Bb5 d6 5. O-O Bd7 6. d3 a6 7. Ba4 Qe7 8. Bg5
h6 9. Bh4 g5 10. Bg3 O-O-O 11. Nd5 Nxd5 12. exd5 Na7 13. Bxd7+ Qxd7 14. Re1 f5
15. h3 f4 16. Bh2 Be7 17. Nd2 h5 18. f3 Rhg8 19. Kf1 g4 20. fxg4 hxg4 21. hxg4
Rxg4 22. d4 Rh4 23. Nf3 Qb5+ 24. Kg1 Rg4 25. Nxe5 Rgg8 26. Nf3 Bf6 27. b3 Qxd5
28. Bxf4 Bxd4+ 29. Qxd4 Qxf3 30. Qf2 Qxf2+ 31. Kxf2 Rdf8 32. g3 Nc6 33. Rg1 Nb4
34. c3 Nd5 35. c4 Nxf4 36. gxf4 Rxg1 37. Rxg1 Rxf4+ 38. Ke2 b5 39. cxb5 axb5
40. Kd3 c5 41. Rc1 Rd4+ 42. Kc3 Rh4 43. a3 Kc7 44. Rb1 Kc6 45. b4 c4 46. Ra1
Rh3+ 47. Kc2 Rh2+ 48. Kc3 Rh3+ 49. Kc2 Rd3 50. Kb2 d5 51. Kc2 d4 52. Rd1 Rxd1
53. Kxd1 d3 54. Kd2 Kb6 55. Kc3 Kc6 56. Kd2 Kd5 57. Kc3 Ke4 58. a4 bxa4 59. b5
a3 60. b6 a2 61. Kxc4 a1=Q 0-1

[Event "ODEM U25B 2013"]
[Site "Oberhof GER"]
[Date "2013.05.24"]
[Round "8"]
[White "Riedel, Adelheid"]
[Black "Kluge, Helene"]
[Result "0-1"]
[Termination "normal"]
[Board "34"]
[WhiteElo "846"]
[BlackElo "1020"]
[PlyCount "68"]
[BlackFideId "12983179"]
[EventCountry "GER"]
[EventRounds "9"]
[EventType "swiss"]
[EventDate "2013.05.18"]

1. e4 c5 2. Nf3 Nc6 3. Bc4 d6 4. c3 Nf6 5. d3 g6 6. Bg5 Bg7 7. Nbd2 O-O 8. d4
cxd4 9. cxd4 Bg4 10. Be2 Bxf3 11. Bxf3 Nxd4 12. Bf4 Nc6 13. e5 dxe5 14. Bxc6
bxc6 15. Bxe5 Qd5 16. Qe2 Qxg2 17. Rf1 Qd5 18. a3 Rfe8 19. Nc4 Rad8 20. Ne3 Qd7
21. Rd1 Qe6 22. Rxd8 Rxd8 23. b3 Qxe5 24. f3 Qa1+ 25. Kf2 Qxa3 26. Qc2 Qb4 27.
Rd1 Rxd1 28. Qxd1 Qf4 29. Qe2 Qxh2+ 30. Ke1 Qxe2+ 31. Kxe2 Nd5 32. Nc4 h5 33.
Kf2 Kh7 34. Kg3 Kh6 0-1

[Event "ODEM U25B 2013"]
[Site "Oberhof GER"]
[Date "2013.05.24"]
[Round "8"]
[White "Reuker, Ronja"]
[Black "Wolff, Marie Antoinette"]
[Result "0-1"]
[Termination "normal"]
[Board "35"]
[WhiteElo "870"]
[BlackElo "1280"]
[PlyCount "62"]
[WhiteFideId "12947172"]
[BlackFideId "12908258"]
[EventCountry "GER"]
[EventRounds "9"]
[EventType "swiss"]
[EventDate "2013.05.18"]

1. e4 c5 2. c3 Nc6 3. d4 cxd4 4. cxd4 d6 5. Nc3 g6 6. d5 Ne5 7. Be3 Bg7 8. Be2
Nf6 9. Nf3 O-O 10. O-O Bg4 11. Rc1 Bxf3 12. Bxf3 Nc4 13. Qe2 Nxe3 14. Qxe3 a6
15. Rfd1 b5 16. Ne2 Qa5 17. a3 b4 18. Ng3 bxa3 19. bxa3 Rac8 20. Rxc8 Rxc8 21.
Qa7 Re8 22. Be2 Qxa3 23. Bb5 Rf8 24. Bxa6 Qa4 25. f3 Qxd1+ 26. Nf1 Nxe4 27.
Qxe7 Bd4+ 28. Kh1 Nf2+ 29. Kg1 Nd3+ 30. Qe3 Bxe3+ 31. Kh1 Qxf1# 0-1

[Event "ODEM U25B 2013"]
[Site "Oberhof GER"]
[Date "2013.05.24"]
[Round "8"]
[White "Kung, Fanny"]
[Black "Moulart, Adrien"]
[Result "1-0"]
[Termination "normal"]
[Board "36"]
[WhiteElo "1052"]
[BlackElo "930"]
[PlyCount "36"]
[WhiteFideId "12987689"]
[EventCountry "GER"]
[EventRounds "9"]
[EventType "swiss"]
[EventDate "2013.05.18"]

1. e4 e5 2. Nf3 Nc6 3. Bc4 Nf6 4. Nc3 Bc5 5. O-O O-O 6. d3 h6 7. Be3 Bb6 8. d4
d6 9. h3 Be6 10. d5 Bd7 11. Bxb6 axb6 12. dxc6 bxc6 13. a3 c5 14. Re1 c6 15.
Qxd6 Re8 16. Nxe5 b5 17. Bxf7+ Kh8 18. Bxe8 Qxe8 1-0

[Event "ODEM U25B 2013"]
[Site "Oberhof GER"]
[Date "2013.05.24"]
[Round "8"]
[White "Zimmer, Luca"]
[Black "Grimm, Nicola Marie"]
[Result "1-0"]
[Termination "normal"]
[Board "37"]
[WhiteElo "1049"]
[BlackElo "967"]
[PlyCount "63"]
[WhiteFideId "12921424"]
[BlackFideId "12988987"]
[EventCountry "GER"]
[EventRounds "9"]
[EventType "swiss"]
[EventDate "2013.05.18"]

1. e4 d5 2. exd5 Qxd5 3. Nc3 Qa5 4. d4 c6 5. Bc4 Bf5 6. Bd2 Qc7 7. Nf3 Nf6 8.
O-O e6 9. Re1 Bd6 10. d5 cxd5 11. Bxd5 Nxd5 12. Nxd5 Qc6 13. Nb4 Qb6 14. c3 Bc5
15. Be3 O-O 16. Qd2 Nc6 17. Nxc6 Qxc6 18. Ne5 Bxe3 19. Qxe3 Qc7 20. Rad1 b6 21.
Rd2 Rad8 22. g4 Bg6 23. Rxd8 Qxd8 24. Nc6 Qd5 25. Ne7+ Kh8 26. Nxd5 exd5 27.
Qe8 h6 28. Qxf8+ Kh7 29. h4 Be4 30. h5 Bf3 31. Re8 g6 32. Qh8# 1-0

[Event "ODEM U25B 2013"]
[Site "Oberhof GER"]
[Date "2013.05.24"]
[Round "8"]
[White "Pahl, Theis"]
[Black "Kalina, Joshua"]
[Result "0-1"]
[Termination "normal"]
[Board "38"]
[WhiteElo "839"]
[BlackElo "1021"]
[PlyCount "94"]
[WhiteFideId "16201264"]
[EventCountry "GER"]
[EventRounds "9"]
[EventType "swiss"]
[EventDate "2013.05.18"]

1. e4 e5 2. Nc3 Nf6 3. f4 d5 4. fxe5 Nxe4 5. Qf3 Nxc3 6. dxc3 Be6 7. Bf4 Nc6 8.
Qg3 Qd7 9. Nf3 O-O-O 10. Nd4 Nxd4 11. cxd4 Qc6 12. Bd3 Qb6 13. O-O-O Qxd4 14.
Kb1 Qb6 15. Rhe1 Ba3 16. Bc1 g6 17. Ka1 Be7 18. Bh6 d4 19. Qf4 Rd5 20. Bg7 Rhd8
21. Bf6 Ra5 22. Kb1 Ba3 23. b3 Qc6 24. c4 dxc3 25. Kc2 Rdd5 26. Be4 Rd2+ 27.
Rxd2 Bd5 28. Bxd5 Rxd5 29. Rxd5 Qxd5 30. Kxc3 Qa5+ 31. Kd3 Qxe1 32. Kc4 Qb4+
33. Kd5 Qxf4 34. h4 Qd2+ 35. Ke4 Qxg2+ 36. Kd4 Qxa2 37. Ke4 Qxb3 38. Kf4 Bc1+
39. Ke4 Qc4+ 40. Kf3 Qf4+ 41. Ke2 Qe3+ 42. Kf1 Qh3+ 43. Ke2 Qe3+ 44. Kf1 Qd2
45. Kg1 Qe2 46. Kh1 Qf2 47. h5 Bf4 0-1

[Event "ODEM U25B 2013"]
[Site "Oberhof GER"]
[Date "2013.05.24"]
[Round "8"]
[White "Lilienthal, Niels Bennett"]
[Black "Kurzweil, Nalani"]
[Result "1/2-1/2"]
[Termination "normal"]
[Board "39"]
[WhiteElo "983"]
[BlackElo "917"]
[PlyCount "92"]
[WhiteFideId "16205421"]
[BlackFideId "12985694"]
[EventCountry "GER"]
[EventRounds "9"]
[EventType "swiss"]
[EventDate "2013.05.18"]

1. e4 e5 2. Nf3 Nc6 3. Bb5 Bc5 4. Bxc6 bxc6 5. Nxe5 Qe7 6. d4 Bb4+ 7. c3 Bd6 8.
O-O Bxe5 9. dxe5 Qxe5 10. h3 Nf6 11. Nd2 O-O 12. Re1 d6 13. Nf3 Qe7 14. Bg5 h6
15. Bxf6 Qxf6 16. Qd3 Qg6 17. Kh2 Be6 18. a3 d5 19. Ne5 Qf6 20. Nxc6 dxe4 21.
Qxe4 Qxf2 22. b4 Qf6 23. Rac1 Qg5 24. Rcd1 Bf5 25. Qf3 Rfe8 26. Rf1 Be4 27.
Qxf7+ Kh7 28. Rf2 Bxc6 29. Qxc7 Be4 30. Rd7 Rf8 31. Re2 Rfe8 32. g4 Qe5+ 33.
Qxe5 Rxe5 34. c4 Rc8 35. Rd4 Rce8 36. a4 Bc6 37. Rxe5 Rxe5 38. a5 a6 39. Kg3
Kg8 40. Kf4 Re1 41. b5 axb5 42. cxb5 Bxb5 43. Rb4 Bf1 44. Ra4 Re6 45. Kf5 Ra6
46. Ke5 Ra7 1/2-1/2

[Event "ODEM U25B 2013"]
[Site "Oberhof GER"]
[Date "2013.05.24"]
[Round "8"]
[White "Uhlmann, Marie"]
[Black "Wu, Erik"]
[Result "0-1"]
[Termination "normal"]
[Board "40"]
[WhiteElo "943"]
[BlackElo "1169"]
[PlyCount "96"]
[WhiteFideId "12980340"]
[BlackFideId "12977489"]
[EventCountry "GER"]
[EventRounds "9"]
[EventType "swiss"]
[EventDate "2013.05.18"]

1. c4 e5 2. Nc3 Nf6 3. g3 Be7 4. Bg2 O-O 5. Nf3 d6 6. O-O c6 7. d3 Nbd7 8. Bd2
Rb8 9. a3 Re8 10. b4 Nf8 11. Qb3 Ng6 12. Rac1 h6 13. b5 Bd7 14. a4 Nh7 15. Ne4
Rf8 16. Qb4 d5 17. Qc3 dxe4 18. dxe4 Re8 19. Nxe5 Nxe5 20. Qxe5 Ba3 21. Qd4
Bxc1 22. Rxc1 cxb5 23. cxb5 Bxb5 24. Bc3 Qxd4 25. Bxd4 Bxa4 26. Ra1 Bb5 27. Bf3
a6 28. Rc1 Rbc8 29. Rd1 Bc6 30. Bg4 Ra8 31. Bb6 Nf6 32. Bf5 Nxe4 33. Bxe4 Rxe4
34. e3 a5 35. Rd8+ Rxd8 36. Bxd8 a4 37. Ba5 a3 38. Bc3 b5 39. Kg2 b4 40. Ba1 b3
41. f3 b2 42. Bxb2 axb2 43. fxe4 Bxe4+ 44. Kh3 b1=Q 45. Kh4 g5+ 46. Kh5 Qh1 47.
h4 Bf3+ 48. g4 Qxh4# 0-1

[Event "ODEM U25B 2013"]
[Site "Oberhof GER"]
[Date "2013.05.24"]
[Round "8"]
[White "Ziegenfuß, Larissa"]
[Black "Reif, Richard"]
[Result "1-0"]
[Termination "normal"]
[Board "41"]
[WhiteElo "923"]
[BlackElo "1016"]
[PlyCount "99"]
[WhiteFideId "12974722"]
[BlackFideId "12983764"]
[EventCountry "GER"]
[EventRounds "9"]
[EventType "swiss"]
[EventDate "2013.05.18"]

1. e4 e5 2. Nc3 Nf6 3. Nf3 Nc6 4. d4 exd4 5. Nxd4 Bc5 6. Be3 O-O 7. Nxc6 bxc6
8. Bxc5 Re8 9. Bd3 d5 10. f3 Bf5 11. O-O dxe4 12. fxe4 Bxe4 13. Bxe4 Nxe4 14.
Qxd8 Raxd8 15. Nxe4 Rxe4 16. Rfe1 Ra4 17. Re7 h6 18. Rxc7 Rd2 19. h3 Rxc2 20.
Rxa7 Rxa7 21. Bxa7 Rxb2 22. a4 Rb7 23. Bf2 Rb8 24. a5 Ra8 25. a6 Kf8 26. a7 Ke7
27. Rb1 Kd6 28. Rb8 Rxa7 29. Bxa7 c5 30. Bxc5+ Kxc5 31. Rb7 Kd6 32. Rxf7 Ke6
33. Rxg7 Kf6 34. Rg3 h5 35. h4 Kf5 36. Rg5+ Kf6 37. Rxh5 Kg6 38. g4 Kf6 39. Kf2
Kg6 40. Kf3 Kf6 41. Rg5 Kf7 42. h5 Kf6 43. Kf4 Kf7 44. h6 Ke7 45. h7 Kf7 46.
h8=R Kf6 47. Ra5 Ke6 48. Rh6+ Kd7 49. Ra7+ Kc8 50. Rh8# 1-0

[Event "ODEM U25B 2013"]
[Site "Oberhof GER"]
[Date "2013.05.24"]
[Round "8"]
[White "Breitzmann, Malte"]
[Black "Breitzmann, Thorge"]
[Result "0-1"]
[Termination "normal"]
[Board "42"]
[WhiteElo "886"]
[BlackElo "1000"]
[PlyCount "56"]
[EventCountry "GER"]
[EventRounds "9"]
[EventType "swiss"]
[EventDate "2013.05.18"]

1. e4 e5 2. Nf3 Nc6 3. Bc4 Bc5 4. c3 Nf6 5. d3 d6 6. Bb3 Be6 7. Bc2 Qd7 8. Nbd2
a6 9. Nf1 Ba7 10. Be3 Bxe3 11. Nxe3 Ng4 12. h3 Nxe3 13. fxe3 O-O-O 14. d4 exd4
15. exd4 d5 16. Qe2 Rhe8 17. O-O-O dxe4 18. Ne5 Nxe5 19. dxe5 Qe7 20. Bxe4 Qg5+
21. Kb1 Rxd1+ 22. Rxd1 Bf5 23. Bxf5+ Qxf5+ 24. Ka1 Rxe5 25. Qd2 Kb8 26. Qd8+
Qc8 27. Qxc8+ Kxc8 28. Rd2 Re1+ 0-1

[Event "ODEM U25B 2013"]
[Site "Oberhof GER"]
[Date "2013.05.24"]
[Round "8"]
[White "Bossert, Moritz"]
[Black "Granzin, Mina"]
[Result "1-0"]
[Termination "normal"]
[Board "44"]
[WhiteElo "879"]
[BlackElo "857"]
[PlyCount "109"]
[WhiteFideId "16239946"]
[EventCountry "GER"]
[EventRounds "9"]
[EventType "swiss"]
[EventDate "2013.05.18"]

1. d4 d5 2. c4 c6 3. Nf3 Nf6 4. g3 e6 5. Bf4 Bb4+ 6. Nc3 O-O 7. Bg2 Nbd7 8. O-O
Nb6 9. c5 Nc4 10. Qc2 Bxc3 11. Qxc3 b6 12. b3 Na5 13. b4 Nc4 14. Ne5 b5 15.
Nxc6 Qe8 16. Ne5 Nxe5 17. Bxe5 Nd7 18. Bd6 Nf6 19. Bxf8 Qxf8 20. c6 Ne8 21. Qc5
a6 22. Qxf8+ Kxf8 23. a4 bxa4 24. Rxa4 Ra7 25. b5 Nc7 26. b6 Ra8 27. b7 Bxb7
28. cxb7 Rb8 29. Rb4 Ke8 30. Rc1 Kd7 31. e4 Kd6 32. exd5 exd5 33. h4 Nb5 34.
Rc5 Rxb7 35. Rxd5+ Ke6 36. Re5+ Kd6 37. Bxb7 Nxd4 38. Rd5+ Ke6 39. Rbxd4 g6 40.
Bxa6 Kf6 41. Bc4 Kg7 42. f4 Kf6 43. Re4 Kg7 44. g4 Kf6 45. f5 Kg7 46. fxg6 hxg6
47. h5 Kh6 48. Rd3 Kg7 49. Rh3 Kf6 50. Rf4+ Kg5 51. Rxf7 Kxg4 52. hxg6 Kxh3 53.
g7 Kh4 54. g8=Q Kh5 55. Rh7# 1-0